000 00379nam a2200145Ia 4500
008 150201s2007 xx 000 0 und d
082 _a617.601
_bP2007H
100 _aHIREMATH
245 _aTEXTBOOK OF PREVENTIVE & COMMUNITY DENTISTRY
250 _a1ST
260 _bELSEVIER
_aDELHI
_c2007
300 _a1-534
650 _aPREVENTIVE AND COMMUNITY DENTISTRY
942 _2ddc
_cBK
999 _c4127
_d4127